000 00430nam a2200157Ia 4500
003 OSt
005 20230601151528.0
008 211028s2012 xx 000 0 und d
040 _cAIMIT LIBRARY
041 _aeng
100 _aPaul, Benson; Castelino, Melissa Fivona.
_98334
_e101904
110 _aMelissa Fivona Castelino
_98335
245 _aMeasuring instrument calibration.
260 _aMangalore
_c2012
942 _2ddc
_cPRO
999 _c219836
_d219836